Entry Personal Name
Number of records used in: 1
001 - CONTROL NUMBER
003 - CONTROL NUMBER IDENTIFIER
005 - DATE AND TIME OF LATEST TRANSACTION
- control field:
20230923142939.0
008 - FIXED-LENGTH DATA ELEMENTS
- fixed length control field:
891208n| acannaab| |a aaa |||
010 ## - LIBRARY OF CONGRESS CONTROL NUMBER
- LC control number:
n 89670253
040 ## - CATALOGING SOURCE
- Original cataloging agency:
DLC
- Transcribing agency:
DLC
- Modifying agency:
DLC
100 10 - HEADING--PERSONAL NAME
- Personal name:
Diestel, Reinhard
400 10 - SEE FROM TRACING--PERSONAL NAME
- Personal name:
Diestel, R.
- Fuller form of name:
(Reinhard)
670 ## - SOURCE DATA FOUND
- Source citation:
His Graph decompositions, 1990:
- Information found:
CIP t.p. (Reinhard Diestel; St. John's Coll., Cambridge)
670 ## - SOURCE DATA FOUND
- Source citation:
Directions in infinite graph ... 1992:
- Information found:
CIP t.p. (R. Diestel)